<?xml version="1.0" encoding="UTF-8"?><?xml-stylesheet type="text/xsl" href="static/style.xsl"?><OAI-PMH xmlns="http://www.openarchives.org/OAI/2.0/" xmlns:xsi="http://www.w3.org/2001/XMLSchema-instance" xsi:schemaLocation="http://www.openarchives.org/OAI/2.0/ http://www.openarchives.org/OAI/2.0/OAI-PMH.xsd"><responseDate>2026-06-01T18:57:07Z</responseDate><request verb="GetRecord" identifier="oai:riuma.uma.es:10630/15983" metadataPrefix="marc">https://riuma.uma.es/rest/oai/request</request><GetRecord><record><header><identifier>oai:riuma.uma.es:10630/15983</identifier><datestamp>2026-02-03T12:37:48Z</datestamp><setSpec>com_10630_2254</setSpec><setSpec>col_10630_37957</setSpec></header><metadata><record xmlns="http://www.loc.gov/MARC21/slim" xmlns:dcterms="http://purl.org/dc/terms/" xmlns:doc="http://www.lyncode.com/xoai" xmlns:xsi="http://www.w3.org/2001/XMLSchema-instance" xsi:schemaLocation="http://www.loc.gov/MARC21/slim http://www.loc.gov/standards/marcxml/schema/MARC21slim.xsd">
   <leader>00925njm 22002777a 4500</leader>
   <datafield ind2=" " ind1=" " tag="042">
      <subfield code="a">dc</subfield>
   </datafield>
   <datafield ind2=" " ind1=" " tag="720">
      <subfield code="a">Serrano Solano, Beatriz</subfield>
      <subfield code="e">author</subfield>
   </datafield>
   <datafield ind2=" " ind1=" " tag="260">
      <subfield code="c">2017-10-18</subfield>
   </datafield>
   <datafield ind2=" " ind1=" " tag="520">
      <subfield code="a">En el ámbito de la Biología Molecular, uno de los métodos tradicionales que se aplica para asignar funciones a los genes se basa en el silenciamiento de los mismos para observar su fenotipo y de ahí, inferir su función. Un principio generalmente aceptado es que la inhibición de genes implicados en un mismo proceso biológico muestra fenotipos parecidos. Sin embargo, dado que evaluar cómo de parecidos son dos fenotipos no siempre resulta trivial, es fundamental contar con la organización de los fenotipos en una ontología como CMPO (Cellular Microscopy Phenotype Ontology).&#xd;
&#xd;
Gracias a la Microscopía de Sistemas, se ha empezado a describir sistemáticamente el espacio fenotípico, caracterizando al gen mediante un perfil fenotípico. Aunque esta descripción multiparamétrica puede parecer en principio más completa por recoger distintas mediciones, la asociación con la función biológica resulta menos evidente y la anotación funcional termina haciéndose manualmente. Para poder efectuar la conversión de un perfil fenotípico en anotación funcional automáticamente, es necesario entender cómo están relacionados los fenotipos y las funciones. Con este objetivo, la primera cuestión es seleccionar una medida de similitud fenotípica entre pares de genes que refleje la similitud funcional. Tras analizar distintas alternativas, se encontró que aquellas basadas en el contenido informativo presentan una mayor correlación con las interacciones funcionales, destacando especialmente la similitud semántica de Resnik sobre la ontología CMPO.</subfield>
   </datafield>
   <datafield ind1="8" ind2=" " tag="024">
      <subfield code="a">https://hdl.handle.net/10630/15983</subfield>
   </datafield>
   <datafield tag="653" ind2=" " ind1=" ">
      <subfield code="a">Biología molecular - Proceso de datos - Tesis doctorales</subfield>
   </datafield>
   <datafield tag="653" ind2=" " ind1=" ">
      <subfield code="a">Minería de datos</subfield>
   </datafield>
   <datafield ind2="0" ind1="0" tag="245">
      <subfield code="a">Minería de datos aplicada a la Microscopía de Sistemas: Estudio de la relación entre las anotaciones fenotípicas y funcionales en células humanas</subfield>
   </datafield>
</record>
</metadata></record></GetRecord></OAI-PMH>